Arminius-Studien
Gespeichert in:
| VerfasserIn: | |
|---|---|
| Dokumenttyp: | Buch |
| Sprache: | German |
| Veröffentlicht: |
Heidelberg
: Winter
, 1970
|
| Schriftenreihe: | Bibliothek der klassischen Altertumswissenschaften
N.F., Bd. 34 |
| Schlagwörter: | |
| Online Zugang: | Inhaltsverzeichnis Inhaltsverzeichnis |
| Bibliogr. Hinweis: | Rezensiert in:
[Rezension von: Dieter Timpe, Arminiusstudien] |
| Verantwortlich: | Dieter Timpe |
| LEADER | 03966cam a2200745 c 4500 | ||
|---|---|---|---|
| 001 | 1072691728 | ||
| 003 | DE-627 | ||
| 005 | 20260615233831.0 | ||
| 007 | tu | ||
| 008 | 850101s1970 gw ||||| 00| ||ger c | ||
| 016 | 7 | |a 458347701 |2 DE-101 | |
| 028 | 5 | 2 | |a 3646 |
| 035 | |a (DE-627)1072691728 | ||
| 035 | |a (DE-603)021583617 | ||
| 035 | |a (DE-576)002691728 | ||
| 035 | |a (DE-599)BSZ002691728 | ||
| 035 | |a (OCoLC)251484864 | ||
| 035 | |a (OCoLC)00697987 | ||
| 035 | |a (DE-604)803005687x | ||
| 035 | |a (AT-OBV)AC01015041 | ||
| 040 | |a DE-627 |b ger |c DE-627 |e rakwb | ||
| 041 | |a ger | ||
| 044 | |c XA-DE-BW |c XA-DE | ||
| 050 | 0 | |a DD123 | |
| 082 | 0 | |a 936.3020924 | |
| 084 | |a 14a |2 sdnb | ||
| 084 | |a NH 7770 |2 rvk |0 (DE-625)rvk/125790:12245 | ||
| 084 | |a NH 7350 |2 rvk |0 (DE-625)rvk/125774: | ||
| 084 | |a NH 7760 |2 rvk |0 (DE-625)rvk/125789:12245 | ||
| 084 | |a 15.28 |2 bkl | ||
| 084 | |a 15.28 |2 bkl | ||
| 100 | 1 | |a Timpe, Dieter |d 1931-2021 |0 (DE-588)132703858 |0 (DE-627)525531807 |0 (DE-576)163320284 |4 aut | |
| 245 | 1 | 0 | |a Arminius-Studien |c Dieter Timpe |
| 264 | 1 | |a Heidelberg |b Winter |c 1970 | |
| 300 | |a 146 S. | ||
| 336 | |a Text |b txt |2 rdacontent | ||
| 337 | |a ohne Hilfsmittel zu benutzen |b n |2 rdamedia | ||
| 338 | |a Band |b nc |2 rdacarrier | ||
| 490 | 1 | |a Bibliothek der klassischen Altertumswissenschaften |a Reihe 2 |v N.F., 34 | |
| 500 | |a Literaturangaben | ||
| 505 | 8 | |a Literaturverz. S. [9] - 10 | |
| 583 | 1 | |a Archivierung/Langzeitarchivierung gewährleistet |f PEBW |x XA-DE-BW |2 pdager |5 DE-31 | |
| 583 | 1 | |a Archivierung/Langzeitarchivierung gewährleistet |f REG |x XA-DE-NI |z Niedersachsen |2 pdager |5 DE-35 | |
| 600 | 1 | 0 | |a Arminius, Prince of the Cherusci |
| 600 | 0 | 7 | |0 (DE-588)118504037 |0 (DE-627)079308678 |0 (DE-576)208849467 |a Arminius |d v16-21 |2 gnd |
| 689 | 0 | 0 | |d p |0 (DE-588)118504037 |0 (DE-627)079308678 |0 (DE-576)208849467 |a Arminius |d v16-21 |2 gnd |
| 689 | 0 | |5 (DE-627) | |
| 787 | 0 | 8 | |i Rezensiert in |a Schnurbein, Siegmar von, 1941 - |t [Rezension von: Dieter Timpe, Arminiusstudien] |d Kevelaer, Rhld. : Verlag Butzon & Berker, 1972 |w (DE-627)1786464012 |
| 830 | 0 | |a Bibliothek der klassischen Altertumswissenschaften |n 2. Reihe |v N.F., Bd. 34 |9 34 |w (DE-627)130290564 |w (DE-576)012707783 |w (DE-600)575218-8 |x 0067-8201 |7 am | |
| 856 | 4 | 2 | |u http://d-nb.info/458347701/04 |m V:DE-605 |q application/pdf |3 Inhaltsverzeichnis |7 1 |
| 856 | 4 | 2 | |u http://scans.hebis.de/HEBCGI/show.pl?02158361_toc.pdf |m V:DE-605;X:Imageware |q application/pdf |3 Inhaltsverzeichnis |7 1 |
| 889 | |w (DE-627)02257736X | ||
| 935 | |i mdedup | ||
| 936 | r | v | |a NH 7770 |b Allgemeines |k Geschichte |k Griechisch-römische Geschichte |k Römische Geschichte |k Regionalgeschichte des Römischen Reiches |k Westeuropa |k Unter- und Obergermanien (mit römischer Schweiz) |k Allgemeines |0 (DE-627)1271456702 |0 (DE-625)rvk/125790:12245 |0 (DE-576)201456702 |
| 936 | r | v | |a NH 7350 |b Augustus und die Julisch-Claudische Dynastie (31 v.Chr. - 68 n.Chr.) |k Geschichte |k Griechisch-römische Geschichte |k Römische Geschichte |k Römische Kaiserzeit (31 v. Chr. - 476 n.Chr.) |k Augustus und die Julisch-Claudische Dynastie (31 v.Chr. - 68 n.Chr.) |0 (DE-627)1271456583 |0 (DE-625)rvk/125774: |0 (DE-576)201456583 |
| 936 | r | v | |a NH 7760 |b Allgemeines |k Geschichte |k Griechisch-römische Geschichte |k Römische Geschichte |k Regionalgeschichte des Römischen Reiches |k Westeuropa |k Römische Provinzen an Rhein und oberer Donau (Germanische Provinzen allgemein) |k Allgemeines |0 (DE-627)1270899007 |0 (DE-625)rvk/125789:12245 |0 (DE-576)200899007 |
| 936 | b | k | |a 15.28 |j Römisches Reich |q coli-conc RVK->BK |q https://coli-conc.gbv.de/api/mappings/77b3c911-9246-4695-977a-b939ee41f58d |0 (DE-627)106405128 |
| 936 | b | k | |a 15.28 |j Römisches Reich |q coli-conc RVK->BK |q https://coli-conc.gbv.de/api/mappings/d5a9b4ad-d4f5-4af1-b621-4b6176ab78ae |0 (DE-627)106405128 |
| 936 | s | n | |a n400 |2 mzub |
| 936 | s | n | |a l200 |2 mzub |
| 936 | s | n | |a m200 |2 mzub |
| 951 | |a BO | ||
| 990 | |a Arminius | ||
| 991 | |a Rezensiertes Werk | ||
| 999 | |a KXP-PPN1072691728 |e 4978590280 | ||


